000 00785cam a2200253 i 4500
001 3355
003 BD-RjUL
005 20211208233721.0
008 131218s1974 ru c b 001 0 eng
035 _a(BD-RjUL)3389
040 _aDLC
_cDLC
_dDLC
_dBD-RjUL
_beng
041 1 _aengrus
082 0 0 _a320.53
_bLEN 1974
100 1 _aLenin, Vladimir Ilʹich,
_d1870-1924.
_910545
245 1 4 _aThe national liberation movement in the East /
_cLenin ; [translated from the Russians].
260 _aMoscow :
_bProgress Publishers,
_c1974.
300 _a359 p. :
_bport. ;
_c21 cm.
504 _aIncludes bibliographical references and index.
650 0 _aNationalism and socialism.
_910546
942 _2ddc
_cBK
999 _c3355
_d3355